[Event "Bejaia Regional-ch"]
[Site "Bejaia"]
[Date "2021.05.21"]
[Round "2"]
[White "Bensadi, Lotfi"]
[Black "Zane, Rayane"]
[Result "0-1"]
[WhiteElo "1970"]
[BlackElo "1822"]
[PlyCount "50"]
[EventDate "2021.05.20"]
[EventType "swiss"]
[EventRounds "7"]
[EventCountry "ALG"]
[SourceTitle "CBM 203 Extra"]
[Source "ChessBase"]
[SourceDate "2021.09.30"]
[SourceVersion "1"]
[SourceVersionDate "2021.09.30"]
[SourceQuality "1"]

1. e4 c5 2. Nf3 d6 3. d4 cxd4 4. Nxd4 Nf6 5. Nc3 a6 6. Bc4 e6 7. Bb3 b5 8. 0-0 Be7 9. Be3 0-0 10. a3 Bb7 11. f4 Nxe4 12. Nxe4 Bxe4 13. f5 e5 14. Qg4 d5 15. Ne2 Nd7 16. Bh6 Qb6+ 17. Kh1 Qxh6 18. Nc3 Nf6 19. Qe2 Bc5 20. Rae1 Rad8 21. a4 b4 22. Nd1 Nh5 23. Qg4 Nf4 24. Rxe4 dxe4 25. g3 Qh3 0-1

[Event "ALG Cup"]
[Site "Bejaia"]
[Date "2020.02.29"]
[Round "6"]
[White "Djabri, Massinas"]
[Black "Bensadi, Lotfi"]
[Result "1/2-1/2"]
[WhiteElo "2162"]
[BlackElo "1988"]
[PlyCount "27"]
[EventDate "2020.02.27"]
[EventType "swiss"]
[EventRounds "7"]
[EventCountry "ALG"]
[SourceTitle "CBM 195 Extra"]
[Source "ChessBase"]
[SourceDate "2020.05.31"]
[SourceVersion "1"]
[SourceVersionDate "2020.05.31"]
[SourceQuality "1"]

1. d4 d5 2. c4 c6 3. Nf3 Nf6 4. Nc3 e6 5. Bg5 Nbd7 6. e3 Be7 7. Bd3 0-0 8. 0-0 h6 9. Bf4 b6 10. cxd5 cxd5 11. Rc1 Bb7 12. Ne5 Rc8 13. Bb1 b5 14. Qd3 1/2-1/2

[Event "ALG Cup"]
[Site "Bejaia"]
[Date "2020.02.27"]
[Round "1"]
[White "Bensadi, Lotfi"]
[Black "Hadjout, Ilina"]
[Result "1-0"]
[WhiteElo "1988"]
[BlackElo "1123"]
[PlyCount "95"]
[EventDate "2020.02.27"]
[EventType "swiss"]
[EventRounds "7"]
[EventCountry "ALG"]
[SourceTitle "CBM 195 Extra"]
[Source "ChessBase"]
[SourceDate "2020.05.31"]
[SourceVersion "1"]
[SourceVersionDate "2020.05.31"]
[SourceQuality "1"]

1. e4 e5 2. Nf3 Nc6 3. Bb5 a6 4. Ba4 Nf6 5. 0-0 Be7 6. Re1 b5 7. Bb3 0-0 8. c3 d5 9. exd5 Nxd5 10. Nxe5 Nxe5 11. Rxe5 Nf6 12. h4 Bd6 13. Re1 Bb7 14. d4 c5 15. Bg5 h6 16. dxc5 hxg5 17. cxd6 Qd7 18. Qd4 Rfe8 19. Nd2 Qc6 20. f3 Rxe1+ 21. Rxe1 Rd8 22. Re7 Rxd6 23. Rxf7 Rxd4 24. Rxf6+ Kh7 25. Rxc6 Rxd2 26. Rc7 Bd5 27. Rd7 Rxb2 28. Rxd5 Re2 29. Rxg5 Re7 30. Kf2 Rc7 31. Bc2+ Kg8 32. Bb3+ Kh7 33. Rh5+ Kg6 34. Rd5 Rc6 35. Re5 Kf6 36. f4 Rxc3 37. Re6+ Kf5 38. Rxa6 Kxf4 39. Ra5 Rc5 40. a4 Rc3 41. Rxb5 Rd3 42. Rf5+ Kxf5 43. Bc2 Ke4 44. Bxd3+ Kxd3 45. a5 Kc4 46. a6 Kb5 47. a7 Kb6 48. a8Q 1-0

[Event "Djerba Go Makkah op-B"]
[Site "Djerba"]
[Date "2020.02.18"]
[Round "4"]
[White "Bensadi, Lotfi"]
[Black "Cassam Chenai, Eric"]
[Result "1-0"]
[WhiteElo "1988"]
[BlackElo "1917"]
[PlyCount "27"]
[EventDate "2020.02.16"]
[EventType "swiss"]
[EventRounds "9"]
[EventCountry "TUN"]
[SourceTitle "EXT 2021"]
[Source "ChessBase"]
[SourceDate "2020.10.23"]
[SourceVersion "1"]
[SourceVersionDate "2020.10.23"]
[SourceQuality "1"]

1. e4 c5 2. Nf3 e6 3. d4 cxd4 4. Nxd4 Nf6 5. Nc3 Nc6 6. Ndb5 Bc5 7. Bf4 e5 8. Bg5 Bb4 9. Nd6+ Kf8 10. Bc4 Qa5 11. Bxf6 gxf6 12. Qh5 Bxc3+ 13. Kf1 Nd8 14. Qh6+ 1-0

[Event "ALG-ch"]
[Site "Ain Tagoura"]
[Date "2020.02.07"]
[Round "6"]
[White "Ghafoul, Mohamed Amine"]
[Black "Bensadi, Lotfi"]
[Result "1-0"]
[WhiteElo "1993"]
[BlackElo "1988"]
[PlyCount "85"]
[EventDate "2020.02.04"]
[EventType "swiss"]
[EventRounds "9"]
[EventCountry "ALG"]
[SourceTitle "CBM 194 Extra"]
[Source "ChessBase"]
[SourceDate "2020.03.31"]
[SourceVersion "1"]
[SourceVersionDate "2020.03.31"]
[SourceQuality "1"]

1. d4 Nf6 2. Bf4 d5 3. e3 c5 4. c3 Nc6 5. Nf3 Qb6 6. Qb3 c4 7. Qc2 Bf5 8. Qxf5 Qxb2 9. Be2 e6 10. Qh3 Qxa1 11. 0-0 Qxa2 12. Re1 Ne4 13. Ne5 Nxe5 14. Bxe5 Qc2 15. f4 h5 16. f5 Ng5 17. Qg3 Qxf5 18. Rf1 Ne4 19. Qe1 Qg6 20. Bd1 b5 21. Bc2 Be7 22. Nd2 f5 23. Nf3 Ng5 24. Nh4 Nh3+ 25. Kh1 Bxh4 26. Qxh4 Qg4 27. Qe1 a5 28. Rf3 a4 29. Qb1 Ra5 30. Qb4 Ng5 31. Qxa5 0-0 32. h3 Qh4 33. Bg3 Nxf3 34. Bxh4 Nxh4 35. Qxb5 Rf6 36. Qe8+ Kh7 37. g3 Ng6 38. Bxa4 h4 39. g4 fxg4 40. hxg4 Kh6 41. Bd7 Kh7 42. Bxe6 Nf8 43. Bxd5 1-0

[Event "ALG-ch"]
[Site "Ain Tagoura"]
[Date "2020.02.05"]
[Round "3"]
[White "Bensadi, Lotfi"]
[Black "Boukazata, Djamel"]
[Result "1-0"]
[WhiteElo "1988"]
[BlackElo "1735"]
[PlyCount "69"]
[EventDate "2020.02.04"]
[EventType "swiss"]
[EventRounds "9"]
[EventCountry "ALG"]
[SourceTitle "CBM 194 Extra"]
[Source "ChessBase"]
[SourceDate "2020.03.31"]
[SourceVersion "1"]
[SourceVersionDate "2020.03.31"]
[SourceQuality "1"]

1. e4 e6 2. d4 d5 3. Nd2 Nf6 4. e5 Nfd7 5. Bd3 c5 6. c3 Nc6 7. Ndf3 Qb6 8. Ne2 f6 9. exf6 Nxf6 10. 0-0 cxd4 11. cxd4 Bd6 12. Re1 0-0 13. Nc3 Bd7 14. a3 Rae8 15. Bg5 Kh8 16. Bc2 Ne7 17. Qd3 Ng6 18. g3 Bc6 19. Bxf6 Rxf6 20. b4 Ref8 21. Re3 a6 22. h4 Re8 23. h5 Nf8 24. Ng5 g6 25. hxg6 hxg6 26. f4 Qc7 27. Qf1 Qg7 28. Qh3+ Kg8 29. Rae1 Bd7 30. Qh4 Nh7 31. Nxh7 Be7 32. Nxd5 Qxh7 33. Nxf6+ Bxf6 34. Qxf6 Rf8 35. Qxg6+ 1-0

[Event "ALG-ch"]
[Site "Ain Tagoura"]
[Date "2020.02.04"]
[Round "1"]
[White "Bensadi, Lotfi"]
[Black "Ould Mohamedi, Youcef"]
[Result "0-1"]
[WhiteElo "1988"]
[BlackElo "1712"]
[PlyCount "90"]
[EventDate "2020.02.04"]
[EventType "swiss"]
[EventRounds "9"]
[EventCountry "ALG"]
[SourceTitle "CBM 194 Extra"]
[Source "ChessBase"]
[SourceDate "2020.03.31"]
[SourceVersion "1"]
[SourceVersionDate "2020.03.31"]
[SourceQuality "1"]

1. e4 c5 2. Nf3 g6 3. d4 cxd4 4. Nxd4 Nc6 5. c4 Nf6 6. Nc3 d6 7. Be2 Nxd4 8. Qxd4 Bg7 9. Be3 0-0 10. Qd2 Qa5 11. 0-0 Be6 12. Rac1 Rfc8 13. b3 a6 14. Rfd1 b5 15. cxb5 axb5 16. e5 Nd7 17. Nxb5 Rxc1 18. Rxc1 Qxd2 19. Bxd2 Rxa2 20. exd6 exd6 21. Be3 Rxe2 22. Nxd6 Bxb3 23. Rc8+ Nf8 24. Kf1 Rc2 25. Rb8 Be6 26. Ne4 Be5 27. Re8 Rc8 28. Re7 Nd7 29. f4 Bg7 30. Nd6 Ra8 31. Nxf7 Bxf7 32. Rxd7 Ra1+ 33. Kf2 Ra2+ 34. Kg1 Be6 35. Rb7 Rxg2+ 36. Kf1 Bc4+ 37. Kxg2 Bd5+ 38. Kg3 Bxb7 39. h4 h5 40. Bc5 Kf7 41. Bd6 Ke6 42. Bb8 Kf5 43. Bc7 Bc3 44. Bd6 Be1+ 45. Kh3 Ba6 0-1

[Event "Tipaza U2200 op"]
[Site "Tipaza"]
[Date "2019.05.02"]
[Round "3"]
[White "Bensadi, Lotfi"]
[Black "Boudeheb, Maria"]
[Result "1-0"]
[WhiteElo "2017"]
[BlackElo "1233"]
[PlyCount "99"]
[EventDate "2019.05.01"]
[EventType "swiss"]
[EventRounds "9"]
[EventCountry "ALG"]
[SourceTitle "CBM 190 Extra"]
[Source "ChessBase"]
[SourceDate "2019.07.15"]
[SourceVersion "1"]
[SourceVersionDate "2019.07.15"]
[SourceQuality "1"]

1. e4 d5 2. exd5 Qxd5 3. Nc3 Qd6 4. d4 Nf6 5. Nf3 c6 6. h3 Bf5 7. Be2 e6 8. 0-0 Be7 9. Be3 Nbd7 10. Qd2 Qc7 11. Bf4 Bd6 12. Bxd6 Qxd6 13. Nh4 Bg6 14. Nxg6 hxg6 15. Rfd1 a6 16. Bf3 Nb6 17. b3 Nbd5 18. Bxd5 cxd5 19. Ne2 Ne4 20. Qe3 Nf6 21. c4 Rc8 22. c5 Qc7 23. b4 Rh4 24. a4 Nd7 25. b5 Nb8 26. Nc3 Kf8 27. Ne2 Qa5 28. Qb3 Qc7 29. Rab1 Rh5 30. Rdc1 Ke7 31. bxa6 bxa6 32. Qb6 Qxb6 33. cxb6 Rhh8 34. b7 Rc6 35. Rxc6 Nxc6 36. Rb6 Nb8 37. a5 Kd7 38. Nf4 Kc7 39. Nd3 Nc6 40. Nc5 Nxa5 41. Rb1 Nxb7 42. Rxb7+ Kc6 43. Ra7 Rf8 44. f4 Kb5 45. Rxa6 Rc8 46. Ra7 Kc4 47. Rxf7 Kxd4 48. Nxe6+ Kc3 49. Rxg7 Rc6 50. Rc7 1-0

[Event "Tipaza U2200 op"]
[Site "Tipaza"]
[Date "2019.05.02"]
[Round "4"]
[White "Boulrens, Ala Eddine"]
[Black "Bensadi, Lotfi"]
[Result "1-0"]
[WhiteElo "1918"]
[BlackElo "2017"]
[PlyCount "99"]
[EventDate "2019.05.01"]
[EventType "swiss"]
[EventRounds "9"]
[EventCountry "ALG"]
[SourceTitle "CBM 190 Extra"]
[Source "ChessBase"]
[SourceDate "2019.07.15"]
[SourceVersion "1"]
[SourceVersionDate "2019.07.15"]
[SourceQuality "1"]

1. e4 d6 2. Bc4 c5 3. c3 Nf6 4. d3 e6 5. Bg5 Be7 6. Nf3 Nc6 7. Nbd2 a6 8. Bb3 b5 9. 0-0 0-0 10. Qe2 Qc7 11. d4 c4 12. Bc2 e5 13. Rfe1 h6 14. Be3 Ng4 15. Nf1 exd4 16. Nxd4 Nxd4 17. cxd4 Nxe3 18. Nxe3 Be6 19. f4 f6 20. Nd5 Qa7 21. Rad1 Bd8 22. Kh1 g5 23. Nb4 a5 24. Nc6 Qd7 25. f5 Bf7 26. d5 Re8 27. Qf1 a4 28. g4 Bb6 29. Re2 Kg7 30. h4 Rh8 31. Rh2 Be3 32. Rh3 Bf4 33. Nd4 Be5 34. Ne6+ Bxe6 35. fxe6 Qe7 36. Qe2 Qc7 37. Rf1 Qe7 38. Bb1 Rac8 39. Kg2 Bf4 40. a3 Be5 41. Rhf3 Rcf8 42. Rf5 Qe8 43. Qd2 Qe7 44. R1f3 h5 45. hxg5 hxg4 46. gxf6+ Bxf6 47. Rg3 Rh4 48. Qf4 Rg8 49. Kf1 Rh1+ 50. Kg2 1-0

[Event "Arab Cities"]
[Site "Hammamet"]
[Date "2019.02.24"]
[Round "5.2"]
[White "Al Ghamdi, Ahmed M"]
[Black "Bensadi, Lotfi"]
[Result "1/2-1/2"]
[WhiteElo "2103"]
[BlackElo "2009"]
[PlyCount "61"]
[EventDate "2019.02.21"]
[EventType "team-swiss"]
[EventRounds "7"]
[EventCountry "TUN"]
[SourceTitle "CBM 189 Extra"]
[Source "ChessBase"]
[SourceDate "2019.06.03"]
[SourceVersion "1"]
[SourceVersionDate "2019.06.03"]
[SourceQuality "1"]
[WhiteTeam "Er Riadh"]
[BlackTeam "Bejaia"]
[WhiteTeamCountry "TUN"]
[BlackTeamCountry "ALG"]

1. e4 c5 2. Nf3 d6 3. d4 cxd4 4. Nxd4 Nf6 5. Nc3 a6 6. f3 e5 7. Nb3 Be6 8. Be3 Be7 9. Qd2 Qc7 10. 0-0-0 b5 11. Nd5 Nxd5 12. exd5 Bd7 13. Na5 Bd8 14. b4 Qc8 15. Kb1 Bxa5 16. bxa5 Bf5 17. g4 Bg6 18. h4 h6 19. h5 Bh7 20. g5 hxg5 21. Bxg5 Bf5 22. h6 gxh6 23. Bd3 Bxd3 24. Qxd3 Nd7 25. Rxh6 Rxh6 26. Bxh6 Qc4 27. Qf5 Qb4+ 28. Kc1 Qa3+ 29. Kb1 Qb4+ 30. Kc1 Qa3+ 31. Kb1 1/2-1/2

[Event "Hradec Kralove op 9th"]
[Site "Hradec Kralove"]
[Date "2018.10.07"]
[Round "9"]
[White "Skorna, Ullrich"]
[Black "Bensadi, Lotfi"]
[Result "0-1"]
[WhiteElo "2090"]
[BlackElo "1925"]
[PlyCount "78"]
[EventDate "2018.09.30"]
[EventType "swiss"]
[EventRounds "9"]
[EventCountry "CZE"]
[SourceTitle "CBM 186 Extra"]
[Source "ChessBase"]
[SourceDate "2018.08.24"]
[SourceVersion "1"]
[SourceVersionDate "2018.08.24"]
[SourceQuality "1"]

1. e4 c5 2. b3 Nf6 3. e5 Nd5 4. Nf3 Nc6 5. Bb2 g6 6. Bc4 Nb6 7. 0-0 Nxc4 8. bxc4 Bg7 9. Re1 0-0 10. Nc3 d6 11. exd6 exd6 12. h3 Be6 13. d3 Qa5 14. Nd2 Bxc3 15. Nb3 Bxe1 16. Nxa5 Bxa5 17. Rb1 Rae8 18. Bf6 Bc8 19. Qf3 Bd8 20. Bc3 Re6 21. Qf4 Rfe8 22. Kf1 Nd4 23. Re1 Nxc2 24. Re4 Bd7 25. Kg1 Bc6 26. Qh6 Nd4 27. Rxd4 cxd4 28. Bxd4 Bf6 29. Be3 d5 30. Qf4 dxc4 31. Qxc4 a6 32. d4 Rd8 33. h4 Bd5 34. Qc7 Bxh4 35. a3 Bf6 36. g4 Rc6 37. Qf4 Rb6 38. Qc7 Rb1+ 39. Kh2 Bh4 0-1

[Event "Prague Summer op-B 3rd"]
[Site "Prague"]
[Date "2016.08.07"]
[Round "3"]
[White "Sipila, Markku"]
[Black "Bensadi, Lotfi"]
[Result "0-1"]
[WhiteElo "1991"]
[BlackElo "1782"]
[PlyCount "102"]
[EventDate "2016.08.05"]
[EventType "swiss"]
[EventRounds "9"]
[EventCountry "CZE"]
[SourceTitle "CBM 173 Extra"]
[Source "ChessBase"]
[SourceDate "2016.08.29"]
[SourceVersion "1"]
[SourceVersionDate "2016.08.29"]
[SourceQuality "1"]

1. d4 d5 2. Nf3 Nf6 3. g3 c6 4. Bg2 Bf5 5. c4 e6 6. 0-0 Nbd7 7. Qb3 Qb6 8. c5 Qa6 9. Bf4 b6 10. cxb6 axb6 11. Nc3 Nh5 12. Bd2 h6 13. Rfe1 Nhf6 14. Ne5 Nxe5 15. dxe5 Nd7 16. e4 Nc5 17. Qc2 Bg6 18. Bf4 d4 19. Bf1 Qb7 20. Nb1 Rd8 21. Nd2 Bh7 22. g4 Nd7 23. Bg3 g5 24. Rac1 c5 25. Bb5 Be7 26. Nc4 0-0 27. f3 Kg7 28. Qb3 Rb8 29. a4 Qc7 30. Bxd7 Qxd7 31. Nxb6 Qa7 32. a5 Qxa5 33. Ra1 Qxb6 34. Qxb6 Rxb6 35. Ra7 Re8 36. Rd7 Rxb2 37. Ra1 Kf8 38. Raa7 c4 39. Bf2 d3 40. Rac7 d2 41. Kg2 Rc2 42. Kg3 c3 43. Bc5 Rc1 44. Bxe7+ Kg8 45. Bc5 Bg6 46. Re7 Rxe7 47. Bxe7 d1Q 48. Rc8+ Kh7 49. Bf6 Qe1+ 50. Kh3 Qh4+ 51. Kg2 Rc2+ 0-1

[Event "Africa-ch U16"]
[Site "Monastir"]
[Date "2014.12.23"]
[Round "4.3"]
[White "Dali, Mohamed Souhaib"]
[Black "Bensadi, Lotfi"]
[Result "0-1"]
[WhiteElo "1654"]
[BlackElo "1806"]
[PlyCount "33"]
[EventDate "2014.12.21"]
[EventType "swiss"]
[EventRounds "9"]
[EventCountry "TUN"]
[SourceTitle "EXT 2024"]
[Source "ChessBase"]
[SourceDate "2023.10.10"]
[SourceVersion "1"]
[SourceVersionDate "2023.10.10"]
[SourceQuality "1"]

1. e4 c5 2. Nf3 d6 3. d4 cxd4 4. Nxd4 Nf6 5. Nc3 a6 6. Bc4 e6 7. Bb3 Be7 8. Qe2 Nbd7 9. Bxe6 fxe6 10. Nxe6 Qb6 11. Nxg7+ Kf7 12. Nd5 Nxd5 13. Qh5+ Kg8 14. Nf5 Bf8 15. Qe8 Ne5 16. Nh6+ Kg7 17. exd5 0-1

[Event "ALG-ch U18"]
[Site "Tipaza"]
[Date "2013.06.21"]
[Round "3.1"]
[White "Ouaret, Abdelouhab"]
[Black "Bensadi, Lotfi"]
[Result "1-0"]
[WhiteElo "1838"]
[BlackElo "1757"]
[PlyCount "91"]
[EventDate "2013.06.21"]
[EventType "swiss"]
[EventRounds "5"]
[EventCountry "ALG"]
[SourceTitle "EXT 2024"]
[Source "ChessBase"]
[SourceDate "2023.10.10"]
[SourceVersion "1"]
[SourceVersionDate "2023.10.10"]
[SourceQuality "1"]

1. Nf3 c5 2. g3 Nc6 3. c4 g6 4. Bg2 Bg7 5. 0-0 e5 6. Nc3 Nge7 7. d3 d6 8. a3 0-0 9. Rb1 f5 10. Bd2 Rb8 11. b4 cxb4 12. axb4 a6 13. b5 axb5 14. Nxb5 d5 15. cxd5 Nxd5 16. Qb3 Kh8 17. Nxe5 Be6 18. Nc4 Nb6 19. Bc3 Bf6 20. Bxf6+ Qxf6 21. Qc2 Nxc4 22. dxc4 Rfc8 23. Nd6 Rc7 24. Qb2 Qxb2 25. Rxb2 Na5 26. Bd5 Nxc4 27. Bxc4 Rxc4 28. Nxc4 Bxc4 29. Rc1 Bd5 30. Rc5 Be6 31. Rb6 Bf7 32. Rcb5 Bc4 33. Rxb7 Rxb7 34. Rxb7 Bxe2 35. Ra7 Bf3 36. Kf1 Kg8 37. Ke1 Bd5 38. Kd2 Bf7 39. f4 Kg7 40. Kc3 Kf6 41. h4 h5 42. Kd4 Ke6 43. Ra6+ Ke7 44. Ke5 Be8 45. Ra7+ Bd7 46. Rxd7+ 1-0